000 00707nam a22002297a 4500
008 240702b mp ||||| |||| 00| 0 mon d
020 _a978-99929-0-732-0
035 _a4760
040 _aZA2481090
_bmon
_cMN-UlNLM
_dMN-UlNLM
_erda
041 _amon
042 _a12768
084 _2NNA
_a84/4ИхБр/-44
_bД-401
100 _aДефо Д.
245 0 _aРобинзон Крузо
264 _aУлаанбаатар
_bМонсудар хэвлэлийн газар
_c2009
300 _a206х.
336 _2rdacontent
_atext
_btxt
337 _2rdamedia
_aunmediated
_bn
338 _2rdacarrier
_avolume
_bnc
650 _aробинзон крузогий гэр бүл
942 _2NNA
_cBK
999 _c1097638
_d1097695